Κατάλογος Βιβλιοθηκών Mediterranean College

Pricing for Results / How to Set Prices, How to Present Prices, How to Discount Prices, How to Negotiate Prices (Record no. 1585)

MARC details
000 -LEADER
fixed length control field 01056cam a22002054a 4500
005 - ΗΜΕΡΟΜΗΝΙΑ ΚΑΙ ΩΡΑ ΤΕΛΕΥΤΑΙΑΣ ΕΝΗΜΕΡΩΣΗΣ
Πεδίο ελέγχου 20250605164013.0
008 - FIXED-LENGTH DATA ELEMENTS--GENERAL INFORMATION
Πεδίο ελέγχου σταθερού μήκους 250528s ||||||||||||||||||||||||d
035 ## - SYSTEM CONTROL NUMBER
System control number 16045
020 ## - ISBN
ISBN 750601639
040 ## - ΠΗΓΗ ΚΑΤΑΛΟΓΟΓΡΑΦΗΣΗΣ
Φορέας πρωτότυπης καταλογογράφησης MC Athens Campus Library
Γλώσσα καταλογογράφησης Ελληνικά, Μοντέρνα (1453-)
Modifying agency MC Athens Campus Library
Κανόνες περιγραφικής καταλογογράφησης AACR2
245 1# - ΤΙΤΛΟΣ ΚΑΙ ΔΗΛΩΣΗ ΥΠΕΥΘΥΝΟΤΗΤΑΣ
Τίτλος Pricing for Results / How to Set Prices, How to Present Prices, How to Discount Prices, How to Negotiate Prices
260 ## - PUBLICATION, DISTRIBUTION, ETC.
Name of publisher, distributor, etc. Butterworth Heinemann,
Date of publication, distribution, etc. 1983
300 ## - PHYSICAL DESCRIPTION
Extent 280
505 0# - FORMATTED CONTENTS NOTE
Formatted contents note Introduction, Instant Pricing, The Market is a Far More Powerful Determinant of Selling Prices than are the costs of Production, Some People don't Care So Much about the Price, How to Wage Far, Setting Up the Deal with Key Accounts, Sources, Index.
520 ## - SUMMARY, ETC.
Summary, etc. Introduction, Instant Pricing, The Market is a Far More Powerful Determinant of Selling Prices than are the costs of Production, Some People don't Care So Much about the Price, How to Wage Far, Setting Up the Deal with Key Accounts, Sources, Index.
700 1# - ΠΡΟΣΘΕΤΗ ΑΝΑΓΡΑΦΗ--ΦΥΣΙΚΟ ΠΡΟΣΩΠΟ
Personal name Winkler John
9 (RLIN) 2085
942 ## - ADDED ENTRY ELEMENTS (KOHA)
Koha item type Books
Holdings
Τύπος τεκμηρίου Βιβλιοθήκη Τρέχουσα τοποθεσία Barcode Αριθμός εισαγωγής Ημερομηνία απόκτησης Ταξιθετικό σύμβολο Αριθμός αντιτύπου Κατάσταση απόσυρσης Κατάσταση χαμένου Κατάσταση κατεστραμμένου Μη δανεισμός Σύνολο δανεισμών Ημερομηνία τελευταίας εμφάνισης Η τιμή ισχύει από
Books MC Athens Campus Library MC Athens Campus Library 9780000015846 2671 05/06/2025 658.8/16 WIN 1           05/06/2025 05/06/2025

MC Athens Campus Library
Πατησίων 94 & Κοδριγκτώνος 13, 104 34
Πελλήνης 8 & Πατησίων 107, 112 51
Τ: +30 210 8899600

MC Thessaloniki Campus Library
Ίωνος Δραγούμη 21, 54625 | Ίωνος Δραγούμη 15, 54625
Τ: +30 2310 287779 – Τ: +30 2314 440300